Musicals By Most Popular Song #2 - Statistics

General Stats
  • This quiz has been taken 253 times
  • The average score is 9 of 15
Answer Stats
Song Streams Musical % Correct
Supercalifragilisticexpialidocious 15M Mary Poppins
98%
The Phantom Of The Opera 93M The Phantom Of The Opera
94%
Addams Family Theme 3.8M Addams Family
87%
All That Jazz 1.4M Chicago
79%
In the Heights 7.5M In the Heights
79%
My Favourite Things 26M The Sound Of Music
79%
Singin' In The Rain 14M Singin' in the rain
78%
Hopelessly Devoted To You 214M Grease
76%
You Can't Stop The Beat 62M Hairspray
70%
Say My Name 101M Beetlejuice
64%
She Used To Be Mine 99M Waitress
54%
Lady Marmalade 722M Moulin Rouge
45%
Electricity 1.1M Billy Elliot
19%
Where Is Love? 1.8M Oliver
19%
Overture 444K Guys and Dolls
2%
No matching quizzes found
Score Distribution
Percent of People with Each Score
Percentile by Number Answered
Your Score History
You have not taken this quiz